Optimización de un generador acético tipo schutzen-bach en la producción de vinagre natural a partir de un mosto alcohólico
El trabajo presente consiste en optimizar un reactor tipo Schützenbach con las siguientes ventajas: no es costoso y tampoco proporciona altas pérdidas por evaporaciones Además ofrece una respuesta a todas las pequeñas industrias que conscientes del daño que causa el producir vinagre que contien...
| Main Author: | |
|---|---|
| Other Authors: | |
| Format: | Tesis Section = Libro |
| Language: | Undetermined Spanish |
| Published: |
Managua
UNI
1998
|
| Subjects: |
| LEADER | 01167nam a2200229Ia 4500 | ||
|---|---|---|---|
| 008 | 240830s9999 xx 000 0 und d | ||
| 040 | |a BIBLIOTECA-RUSB/ Mon 664.55 A181 | ||
| 041 | |a spa | ||
| 082 | |a Mon 664.55 A181 | ||
| 100 | 1 | |a Amado Medina, Antonio | |
| 245 | 1 | 0 | |a Optimización de un generador acético tipo schutzen-bach en la producción de vinagre natural a partir de un mosto alcohólico |
| 260 | |a Managua |b UNI |c 1998 | ||
| 300 | |a 92 p. :il. | ||
| 500 | |a Contiene: apéndices. | ||
| 502 | |a Tesis (Ingeniero Químico) - UNI, 1998. | ||
| 520 | 3 | |a El trabajo presente consiste en optimizar un reactor tipo Schützenbach con las siguientes ventajas: no es costoso y tampoco proporciona altas pérdidas por evaporaciones Además ofrece una respuesta a todas las pequeñas industrias que conscientes del daño que causa el producir vinagre que contienen contaminantes químicos, se decidan a elaborar vinagre de origen biológico (orgánico), a bajo costo y con excelente calidad. | |
| 650 | 7 | |a VINAGRE NATURALES | |
| 650 | 7 | |b QUIMICA INDUSTRIAL | |
| 700 | 1 | |a Tutor: |b Guzman García, Guillermo | |
| 942 | |c BK |2 ddc | ||
| 991 | |a TESIS | ||
| 999 | |c 20730 | ||